The song of Achilles / (Record no. 522624)

000 -LEADER
fixed length control field 01015cam a22003257a 4500
001 - CONTROL NUMBER
control field 17078593
003 - CONTROL NUMBER IDENTIFIER
control field NUST
005 - DATE AND TIME OF LATEST TRANSACTION
control field 20181213063554.0
008 - FIXED-LENGTH DATA ELEMENTS--GENERAL INFORMATION
fixed length control field 111003s2011 enk 000 f eng d
010 ## - LIBRARY OF CONGRESS CONTROL NUMBER
LC control number 2011535381
016 7# - NATIONAL BIBLIOGRAPHIC AGENCY CONTROL NUMBER
Record control number 015794776
Source Uk
020 ## - INTERNATIONAL STANDARD BOOK NUMBER
International Standard Book Number 9781408816035
020 ## - INTERNATIONAL STANDARD BOOK NUMBER
International Standard Book Number 1408816032
035 ## - SYSTEM CONTROL NUMBER
System control number (OCoLC)ocn740635377
038 ## - RECORD CONTENT LICENSOR
Staff Name waseem
040 ## - CATALOGING SOURCE
Original cataloging agency BTCTA
Language of cataloging eng
Transcribing agency BTCTA
Modifying agency NLE
-- YDXCP
-- UKMGB
-- CDX
-- CLU
-- ZCU
-- DLC
042 ## - AUTHENTICATION CODE
Authentication code lccopycat
050 00 - LIBRARY OF CONGRESS CALL NUMBER
Classification number PS3613.I5445
Item number S65 2011
082 04 - DEWEY DECIMAL CLASSIFICATION NUMBER
Classification number 813.6
Author Mark MIL
100 1# - MAIN ENTRY--PERSONAL NAME
Personal name Miller, Madeline.
9 (RLIN) 12678
245 14 - TITLE STATEMENT
Title The song of Achilles /
Statement of responsibility, etc. Madeline Miller.
260 ## - PUBLICATION, DISTRIBUTION, ETC.
Place of publication, distribution, etc. London ;
-- New York :
Name of publisher, distributor, etc. Bloomsbury,
Date of publication, distribution, etc. 2011.
300 ## - PHYSICAL DESCRIPTION
Extent 352 p. ;
Dimensions 24 cm.
600 00 - SUBJECT ADDED ENTRY--PERSONAL NAME
Personal name Achilles
Titles and other words associated with a name (Mythological character)
Form subdivision Fiction.
9 (RLIN) 12679
650 #0 - SUBJECT ADDED ENTRY--TOPICAL TERM
Topical term or geographic name entry element Male friendship
Form subdivision Fiction.
9 (RLIN) 3703
650 #0 - SUBJECT ADDED ENTRY--TOPICAL TERM
Topical term or geographic name entry element Trojan War
Form subdivision Fiction.
9 (RLIN) 12680
906 ## - LOCAL DATA ELEMENT F, LDF (RLIN)
a 7
b cbc
c copycat
d 2
e ncip
f 20
g y-gencatlg
942 ## - ADDED ENTRY ELEMENTS (KOHA)
Source of classification or shelving scheme
Koha item type Book
Holdings
Withdrawn status Lost status Source of classification or shelving scheme Damaged status Not for loan Collection code Permanent Location Current Location Shelving location Date acquired Total Checkouts Total Renewals Full call number Barcode Date last seen Date last checked out Price effective from Koha item type
            Central Library (CL) Central Library (CL) Fiction 12/13/2018 6 6 813.6 MIL NBS10376 02/26/2026 11/29/2025 12/13/2018 Book
© 2023 Central Library, National University of Sciences and Technology. All Rights Reserved.